[Event "Barcelona Sant Marti op-B 22nd"]
[Site "Barcelona"]
[Date "2022.07.21"]
[Round "9"]
[White "Sans Bascu, Joaquin"]
[Black "Dominguez Diaz, Francisco"]
[Result "1/2-1/2"]
[WhiteElo "1573"]
[BlackElo "1387"]
[PlyCount "52"]
[EventDate "2022.07.13"]
[EventType "swiss"]
[EventRounds "9"]
[EventCountry "ESP"]
[SourceTitle "CBM 210 Extra"]
[Source "ChessBase"]
[SourceDate "2022.11.30"]
[SourceVersion "1"]
[SourceVersionDate "2022.11.30"]
[SourceQuality "1"]

1. e4 e6 2. d4 c5 3. Nf3 cxd4 4. Nxd4 Qh4 5. Bd3 Bc5 6. c3 e5 7. b4 Bb6 8. Be3 exd4 9. cxd4 Nf6 10. Nd2 Qg4 11. Qc2 0-0 12. 0-0 d6 13. e5 dxe5 14. dxe5 Nh5 15. Bxh7+ Kh8 16. Be4 Bxe3 17. fxe3 Qg5 18. Rf3 Nc6 19. Bxc6 bxc6 20. h3 Qxe5 21. Raf1 Be6 22. Nc4 Qd5 23. g4 Qxc4 24. Qf2 Nf6 25. Rxf6 gxf6 26. Qxf6+ Kg8 1/2-1/2

[Event "Barcelona Sant Marti op-B 22nd"]
[Site "Barcelona"]
[Date "2022.07.15"]
[Round "3"]
[White "Silva Cerda, Mark Valentin"]
[Black "Sans Bascu, Joaquin"]
[Result "1-0"]
[WhiteElo "1308"]
[BlackElo "1573"]
[PlyCount "127"]
[EventDate "2022.07.13"]
[EventType "swiss"]
[EventRounds "9"]
[EventCountry "ESP"]
[SourceTitle "CBM 210 Extra"]
[Source "ChessBase"]
[SourceDate "2022.11.30"]
[SourceVersion "1"]
[SourceVersionDate "2022.11.30"]
[SourceQuality "1"]

1. d4 d5 2. c4 e5 3. dxe5 d4 4. Nf3 Nc6 5. a3 Nge7 6. e3 Bg4 7. Be2 Ng6 8. exd4 Be7 9. 0-0 0-0 10. Be3 Qd7 11. Nc3 Na5 12. Qd3 Bf5 13. Qd1 Bg4 14. b3 c5 15. h3 Bxf3 16. Bxf3 f5 17. exf6 Bxf6 18. Bd5+ Kh8 19. Ne4 Bxd4 20. Bxd4 cxd4 21. b4 Nc6 22. Rb1 Nf4 23. b5 Nxd5 24. bxc6 bxc6 25. cxd5 cxd5 26. Qxd4 Rf4 27. f3 Re8 28. Rfd1 Rd8 29. Qe5 Rf5 30. Qb8 Qe8 31. Qxa7 Ra8 32. Qc5 Rc8 33. Nd6 Rxc5 34. Nxe8 h6 35. Nd6 Rf6 36. Nb5 Re6 37. Nd4 Ra6 38. Rdc1 Rca5 39. Rb3 Ra4 40. Rc8+ Kh7 41. Rd3 Ra7 42. Rd8 Rxa3 43. Rxa3 Rxa3 44. Rxd5 Rd3 45. Rd6 Ra3 46. Re6 Ra7 47. Kf2 Kg8 48. Ke3 h5 49. Nf5 Ra5 50. Kf4 Ra2 51. Rg6 Ra4+ 52. Kg5 Ra5 53. g4 hxg4 54. hxg4 Ra4 55. Rxg7+ Kf8 56. Rb7 Kg8 57. f4 Rc4 58. Nh6+ Kh8 59. Nf7+ Kg8 60. Ne5 Rd4 61. f5 Rd5 62. Re7 Kf8 63. f6 Rd8 64. Ng6+ 1-0

[Event "Barcelona Sant Marti op-B 20th"]
[Site "Barcelona"]
[Date "2018.07.21"]
[Round "9"]
[White "Martinez Hernandez, Emili"]
[Black "Sans Bascu, Joaquin"]
[Result "1/2-1/2"]
[WhiteElo "1750"]
[BlackElo "1556"]
[PlyCount "28"]
[EventDate "2018.07.13"]
[EventType "swiss"]
[EventRounds "9"]
[EventCountry "ESP"]
[SourceTitle "EXT 2019"]
[Source "ChessBase"]
[SourceDate "2018.10.10"]
[SourceVersion "1"]
[SourceVersionDate "2018.10.10"]
[SourceQuality "1"]

1. d4 d5 2. c4 e6 3. Nf3 c6 4. cxd5 cxd5 5. Nc3 f5 6. e3 Nf6 7. Ne5 a6 8. Bd3 Bd6 9. f4 0-0 10. 0-0 Bd7 11. Qe2 Ne4 12. Nxd7 Nxd7 13. Bxe4 fxe4 14. Qg4 Qf6 1/2-1/2

[Event "Barcelona Sant Marti op-B 20th"]
[Site "Barcelona"]
[Date "2018.07.17"]
[Round "5"]
[White "Low, Ethan"]
[Black "Sans Bascu, Joaquin"]
[Result "1-0"]
[WhiteElo "1741"]
[BlackElo "1556"]
[PlyCount "85"]
[EventDate "2018.07.13"]
[EventType "swiss"]
[EventRounds "9"]
[EventCountry "ESP"]
[SourceTitle "EXT 2019"]
[Source "ChessBase"]
[SourceDate "2018.10.10"]
[SourceVersion "1"]
[SourceVersionDate "2018.10.10"]
[SourceQuality "1"]

1. e4 e5 2. Nf3 Nc6 3. Bb5 Nf6 4. d3 d6 5. Nbd2 Bd7 6. c3 Be7 7. 0-0 0-0 8. Re1 a6 9. Ba4 Ne8 10. d4 b5 11. Bc2 Bg4 12. d5 Na5 13. b3 Qc8 14. h3 Bh5 15. Bd3 c6 16. c4 Nb7 17. Ba3 c5 18. Nf1 b4 19. Bc1 Bg6 20. Ng3 Qd8 21. Nf5 Nf6 22. N3h4 Nd7 23. Nxe7+ Qxe7 24. Nf5 Bxf5 25. exf5 f6 26. Re4 a5 27. Rh4 Rf7 28. Qh5 Nf8 29. Be4 a4 30. Rb1 axb3 31. axb3 Ra2 32. g4 h6 33. Be3 Nd8 34. Kh1 Qa7 35. Rg1 Ra1 36. g5 Rxg1+ 37. Kxg1 Qd7 38. g6 Re7 39. Bxh6 gxh6 40. Qxh6 Rh7 41. gxh7+ Nxh7 42. Qg6+ Qg7 43. Rxh7 1-0

[Event "Barcelona Ateneu Colon op 7th"]
[Site "Barcelona"]
[Date "2012.03.14"]
[Round "1"]
[White "Sanchez Perales, Ezequiel"]
[Black "Sans Bascu, Joaquin"]
[Result "1-0"]
[WhiteElo "2112"]
[BlackElo "1770"]
[PlyCount "73"]
[EventDate "2012.03.14"]
[EventType "swiss"]
[EventRounds "9"]
[EventCountry "ESP"]
[SourceTitle "EXT 2013"]
[Source "ChessBase"]
[SourceDate "2012.11.22"]
[SourceVersion "1"]
[SourceVersionDate "2012.11.22"]
[SourceQuality "1"]

1. e4 e5 2. Nf3 Nc6 3. Bb5 Nf6 4. 0-0 d6 5. Re1 Be7 6. c3 0-0 7. h3 a6 8. Ba4 b5 9. Bc2 Bb7 10. d3 d5 11. Nbd2 Bd6 12. Nf1 h6 13. Ng3 dxe4 14. dxe4 Ne7 15. Nh2 Ng6 16. Nf5 Bc8 17. Ng4 Nxg4 18. hxg4 Bxf5 19. gxf5 Nh8 20. g3 Be7 21. Qg4 Bg5 22. f4 exf4 23. gxf4 Bh4 24. Re2 g6 25. Rh2 h5 26. Qxh4 Qxh4 27. Rxh4 Rfe8 28. e5 c5 29. Be3 Rad8 30. Bxc5 Rd2 31. Rh2 Red8 32. Bd4 Rxh2 33. Kxh2 gxf5 34. Bxf5 Ng6 35. Rg1 Kh7 36. e6 Kh6 37. exf7 1-0